Sternzeichen zuordnen - Statistiken

Allgemein
  • Dieses Quiz wurde 1.548 mal gespielt
  • Das Durchschnittsergebnis liegt bei 6 aus 12
Antwortstatistiken
Hint Antwort % Korrekt
Schütze
77%
Wassermann
76%
Waage
64%
Widder
55%
Stier
51%
Zwillinge
51%
Skorpion
40%
Jungfrau
36%
Fische
35%
Löwe
31%
Krebs
24%
Steinbock
22%
Keine übereinstimmenden Quizze gefunden
Verteilung der Resultate
Anzahl Personen mit jedem Resultat
Perzentil nach korrekt beantworteten Fragen
Ihre Resultats-Entwicklung
Sie haben dieses Quiz noch nicht gespielt